00221nam a2200097Ia 4500008004100000100002000041245002800061260001800089300000800107650000800115191201s2018 xx 000 0 und d aKOTLER, Philip  0aPrinciples of Marketing bPearsonc2018 a701 aBBA